000 00317nam a2200133Ia 4500
008 250520s9999 xx 000 0 und d
020 _a9780753828960
100 _aCOURCY, ANNE DE
245 4 _aTHE FISHING FLEET
260 _bPHOENIX PAPERBACK, LONDON
_c2013
300 _a555
650 _aGeneral
942 _cBK
999 _c220537
_d220537